| 000 | 00489nam a2200205 a 4500 | ||
|---|---|---|---|
| 003 | AR-BaBNM | ||
| 005 | 20251128203341.0 | ||
| 008 | 082120s2002 ||||||||||||||000 | spa|| | ||
| 040 | _cAR-BaBNM | ||
| 100 | 1 | _aOrgaz, Arturo | |
| 245 | 0 | 0 | _aDiccionario elemental de derecho y ciencias sociales |
| 250 | _a2ª ed. | ||
| 260 |
_aCórdoba _bAssandri _c1941 |
||
| 300 | _a543 p. | ||
| 650 | 4 | _aDICCIONARIOS | |
| 650 | 4 | _aDERECHO | |
| 655 | _aREFERENCIA | ||
| 942 | _cBK | ||
| 998 | _claura | ||
| 999 |
_c3004 _d3004 |
||